| 000 | 00977nac a22002411u 4500 | ||
|---|---|---|---|
| 010 | _a2003048876 | ||
| 020 | _a0443071322 | ||
| 035 | _a(DNLM)101174632 | ||
| 082 | 0 | 0 |
_a615.321 _bH469 |
| 090 |
_c1621 _d1621 |
||
| 100 | _a20080729 | ||
| 245 | 0 | 0 |
_aFundamentals of pharmacognosy and phytotherapy / _cMichael Heinrich ... [et al.] ; foreword, A. Douglas Kinghorn ; epilogue, J. David Phillipson ; illustrated by Simon Gibbons. |
| 260 |
_aEdinburgh ; _aNew York : _bChurchill Livingstone,2004 _c2004. |
||
| 300 |
_aix, 309 p. : _bill. ; _c25 cm. |
||
| 504 | _aIncludes bibliographical references and index. | ||
| 650 | 0 | _aPharmacognosy. | |
| 650 | 0 | _aMateria medica, Vegetable. | |
| 650 | 0 | _aPlants, Medicinal. | |
| 650 | 0 | _aPhytotherapy. | |
| 700 | 1 |
_aHeinrich, Michael, _d1957 July 4- |
|
| 942 |
_cBB _k615.321H469 |
||
| 999 |
_c1621 _d1621 |
||